000 00548nam a2200217Ia 4500
003 OSt
005 20220918192724.0
006 a|||||r|||| 00| 0
007 ta
008 220917b |||||||| |||| 00| 0 eng d
024 _a69,834
037 _cTextual
040 _aARTS
_cARTS
_beng
041 _2eng
_aeng
082 _aR325, 113H9
100 _aHartmann Nicolai
245 0 _aGrundzuge einer metaphysik der erkenntinis
260 _c1949
942 _hR325, 113H9
_cTEXL
_2CC
999 _c195963
_d195963